| 000 -LEADER |
| fixed length control field |
00611cam a22001697a 4500 |
| 008 - FIXED-LENGTH DATA ELEMENTS--GENERAL INFORMATION |
| fixed length control field |
180718b2012. xxu||||| |||| 00| 0 eng d |
| 082 ## - DEWEY DECIMAL CLASSIFICATION NUMBER |
| Classification number |
L69x54 D954 |
| 100 ## - MAIN ENTRY--PERSONAL NAME |
| Personal name |
Dutta, Subrata |
| 245 ## - TITLE STATEMENT |
| Title |
The Economics of Government savings: a note on Indian state-level fiscal restructuring. |
| Statement of responsibility, etc. |
by Subrata Dutta |
| 260 ## - PUBLICATION, DISTRIBUTION, ETC. |
| Place of publication, distribution, etc. |
Ahmedabad |
| Name of publisher, distributor, etc. |
Sardar Patel Institute of Economic and Social Research |
| Date of publication, distribution, etc. |
2012. |
| 300 ## - PHYSICAL DESCRIPTION |
| Extent |
25p. |
| 500 ## - GENERAL NOTE |
| General note |
Working paper 10 |
| 650 ## - SUBJECT ADDED ENTRY--TOPICAL TERM |
| Topical term or geographic name entry element |
|
| 650 ## - SUBJECT ADDED ENTRY--TOPICAL TERM |
| Topical term or geographic name entry element |
Intergovernmental fiscal relations |
| 650 ## - SUBJECT ADDED ENTRY--TOPICAL TERM |
| Topical term or geographic name entry element |
Fiscal policy -- India -- States |
| 650 ## - SUBJECT ADDED ENTRY--TOPICAL TERM |
| Topical term or geographic name entry element |
Intergovernmental fiscal relations -- India |